Využitie voľného času žiakov strednej školy = High school students and how they use their time of leisure : Diplomová práca

Salvato in:
Dettagli Bibliografici
Autore principale: Pavlíková, Alena (Autore)
Altri autori: Holkovič, Ľubomír, 1949- (xxx)
Natura: Manoscritto Libro
Lingua:slovacco
Pubblicazione: Trnava : STU v Bratislave MTF UIPH, 2009
Soggetti:
Tags: Aggiungi Tag
Nessun Tag, puoi essere il primo ad aggiungerne!!

MARC

LEADER 00000ntm a22000003a 4500
001 stu182292
005 20160719154341.8
008 090326s2009----xo------------------slo-d
040 |a STU  |b slo 
041 0 |a slo 
044 |a xo 
100 1 |a Pavlíková, Alena  |4 aut 
245 1 |a Využitie voľného času žiakov strednej školy = High school students and how they use their time of leisure :  |b Diplomová práca 
260 |a Trnava :  |b STU v Bratislave MTF UIPH,  |c 2009 
300 |a 82 s  |c príl (1 CD-ROM) 
500 |a Študijný odbor: 1.1.2 učiteľstvo profesijných predmetov a praktickej prípravy 
500 |a Študijný program: učiteľstvo technických profesijných predmetov 
650 7 |a voľný čas  |2 stusub 
700 1 |a Holkovič, Ľubomír,  |d 1949-  |4 xxx  |u M310  |U MTF Ústav inžinierskej pedagogiky a humatitných vied  |T MTF Katedra humanitných vied  |X 1518  |U M310  |Y M310  |7 A000001518 
996 |b 284M070082  |c M*DP-7808  |l MMSKP  |s P  |a 0  |w stu182292_0001